Giáo trình vật lý đại cương : Giáo trình Cao đẳng Sư phạm /

Saved in:
Bibliographic Details
Main Author: Nguyễn Văn Ánh
Other Authors: Hoàng Văn Việt
Format: Book (Paper)
Language:Vietnamese
Published: H. : Đại học Sư phạm, 2004
Subjects:
Tags: Add Tag
No Tags, Be the first to tag this record!
Institutions: Thư viện Trường Đại học Đà Lạt
LEADER 00884nam a2200337 4500
001 DLU060051651
005 ##20060315
040 # # |a DLU  |b vie 
041 # # |a vie 
044 # # |a vn 
082 # # |a 530  |b NG-A 
100 # # |a Nguyễn Văn Ánh 
245 # # |a Giáo trình vật lý đại cương :  |b Giáo trình Cao đẳng Sư phạm /  |c Nguyễn Văn Ánh, Hoàng Văn Việt 
260 # # |a H. :  |b Đại học Sư phạm,  |c 2004 
300 # # |a 340 tr. ;  |c 24 cm 
504 # # |a Tài liệu tham khảo :tr.340 
653 # # |a Động học 
653 # # |a Động lực học 
653 # # |a Cơ năng 
653 # # |a Giáo trình 
700 # # |a Hoàng Văn Việt 
923 # # |a 66/2005 
992 # # |a 34.000 
994 # # |a DLU 
900 # # |a True 
911 # # |a Đào Thị Thu Huyền 
925 # # |a G 
926 # # |a A 
927 # # |a SH 
980 # # |a Thư viện Trường Đại học Đà Lạt